Príklady k stavebnému právu

Salvato in:
Dettagli Bibliografici
Autore principale: Gajniak, Ján Florián, 1958- (Autore)
Altri autori: Karel, Ján, 1981- (Revisore), Zahoráková, Renáta (Revisore)
Natura: Libro
Lingua:slovacco
Pubblicazione: Bratislava : Spektrum STU, 2018
Edizione:1. vyd.
Serie:Edícia skrípt
Tags: Aggiungi Tag
Nessun Tag, puoi essere il primo ad aggiungerne!!

MARC

LEADER 00000nam a22000003a 4500
001 0071255
003 SK-STU
005 20220505092418.7
007 ta
008 190128s -------||||||||||-|||-||----d
020 |a 978-80-227-4873-5 
035 |a biblio/99994  |2 CREPC2 
041 0 |a slo 
044 |a xo 
100 1 |4 aut  |a Gajniak, Ján Florián,  |d 1958-  |u 010350  |r Z1  |9 100  |U SvF Stavebná fakulta  |T SvF Katedra humanitných vied  |X 3188  |U V350  |Y 34  |7 A000003188 
242 0 0 |a Examples of building law  |y eng 
245 1 0 |a Príklady k stavebnému právu 
250 |a 1. vyd. 
260 |a Bratislava :  |b Spektrum STU,  |c 2018 
300 |a 103 s. 
490 1 |a Edícia skrípt 
700 1 |a Karel, Ján,  |d 1981-  |4 rev  |X 2653  |7 A000002653 
700 1 |a Zahoráková, Renáta  |4 rev 
996 |b 284V041025  |c V* 43748/S-19  |l VVT  |s A  |a 24  |w 0071255_0001 
996 |b 284V041026  |c V* 43749/S-19  |l VVS  |s A  |a 24  |w 0071255_0002 
996 |b 284V041062  |c V* 43775/S-19  |l VVS  |s A  |a 24  |w 0071255_0003